000 00710nam a2200289Ia 4500
005 20260324144835.0
008 008 260324s9999 xx 000 0 eng d
020 _a9781003477228
037 _aEBOOK
040 _aCRL
040 _beng
040 _cCRL
041 _2eng
041 _aeng
084 _qCRL
100 _aRoger French; Frank Greenaway
_91220805
245 0 _aScience in the Early Roman Empire
245 0 _bPliny the Elder, His Sources and Influence
260 _bTaylor and Francis
260 _c1986
365 _a
365 _b170
856 _uhttp://www.taylorfrancis.com/books/9781003477228
942 _cEBOOK
999 _c1827925
_d1827925